Land restoration and reclamation: principles and practice

保存先:
書誌詳細
主要な著者: Harris, James A (著者), Birch, Paul (著者), Palmer, John P (著者)
フォーマット: 図書
言語:英語
出版事項: Essex Addison Wesley 1996
版:1a. ed
主題:
タグ: タグ追加
タグなし, このレコードへの初めてのタグを付けませんか!

MARC

LEADER 00000nam a2200000 a 4500
001 UCK9163
003 CL-VaPUC
005 20230503103242.0
008 060421e19960000UK |||||||||||||||||eng|d
999 |c 316439  |d 316437 
020 |a 0582243130 
040 |c Pontificia Universidad Católica de Valparaíso 
082 0 4 |a 333.3  |b HAR  |2 21 
100 0 |a Harris, James A  |e author  |9 498883 
245 1 0 |a Land restoration and reclamation: principles and practice 
250 |a 1a. ed 
260 |a Essex  |b Addison Wesley  |c 1996 
300 |a 230 p 
583 |a last modification  |c 20130419 09:25:30  |k Rodrigo Vera 
650 0 |a Recursos naturales  |9 255232 
650 7 |a Propiedad de la tierra  |2 CL-VaPUC  |9 257994 
650 0 |a Protección del medio ambiente  |9 257626 
650 0 |a Política gubernamental  |9 262286 
700 0 |a Birch, Paul  |e author  |9 498884 
700 0 |a Palmer, John P  |e author  |9 498885 
942 |c BK  |2 ddc 
945 |d 20060421 00:00:00  |a cmena 
952 |0 0  |1 0  |4 0  |6 333_300000000000000_HAR_1996  |7 0  |8 A  |9 390813  |a BIBAGR  |b BIBAGR  |d 2019-11-22  |i 3999203  |o 333.3 HAR 1996  |p 3999203  |r 2025-01-20  |w 2019-11-22  |y BK  |k AGR